00473nam a2200181Ia 450000500170000000800460001702000180006303700120008104000210009304100130011408400240012710000180015124500300016926000480019930000120024736500120025965000200027120250508164500.0008 250505s9999 xx 000 0 eng d a81-237-0146-2 aTextual aFEDL bengcFEDL aeng2eng a306.0954, HUSqFEDL aHusain S Abid 0aNational culture of India aNew Delhi, IndiabNational Book Trustc1978 ax,181p. aINRb30 aCulture - India